000 01933pam a2200457 a 4500
001 24429087
003 OCoLC
005 20250118114714.0
008 910820s1992 nyua j 000 1 spa
010 _a91028582 /AC
020 _a0060205695
_qlibrary binding
020 _a0060205490 :
_c$15.00 ($20.00 Can.)
020 _a0064433013
_qpaperback
035 _zsbr93083936
040 _aDLC
_beng
_cDLC
_dJBO
_dCHE
_dCOG
041 1 _aspa
_heng
050 0 0 _aPZ73
_b.C368 1992
082 0 0 _a[E]
_220
092 _aE
_bCAR
099 _aj468
_aC278g
100 1 _aCarle, Eric.
_0http://id.loc.gov/authorities/names/n80039691.
240 1 0 _aGrouchy ladybug.
_lSpanish
_0http://id.loc.gov/authorities/names/n91083629.
245 1 3 _aLa mariquita malhumorada /
_cEric Carle ; [translator, Simon Saad-L'Hoeste].
250 _a1st ed.
263 _a9205.
264 1 _aNew York :
_bHarperCollins,
_c[1992]
300 _a1 volume (unpaged) :
_bcolor illustrations ;
_c22 cm.
336 _atext
_btxt
_2rdacontent.
337 _aunmediated
_bn
_2rdamedia.
338 _avolume
_bnc
_2rdacarrier.
385 _nage
_aChildren
_2lcdgt.
500 _aTranslation of: The grouchy ladybug.
520 _aA grouchy ladybug who is looking for a fight challenges everyone she meets regardless of their size or strength. Text in Spanish.
650 0 _aLadybugs
_0http://id.loc.gov/authorities/subjects/sh85073911
_vJuvenile fiction.
_0http://id.loc.gov/authorities/subjects/sh99001687.
650 0 _aToy and movable books
_vSpecimens.
_0http://id.loc.gov/authorities/subjects/sh2008112783.
650 0 _aSpanish language materials
_vJuvenile fiction.
650 0 _aToy and movable books
_0http://id.loc.gov/authorities/subjects/sh85136346
_vJuvenile fiction.
_0http://id.loc.gov/authorities/subjects/sh99001687.
655 7 _aFiction.
_2lcgft
_0http://id.loc.gov/authorities/genreForms/gf2014026339.
907 _a.b281203763
942 _cBK
999 _c30372
_d30370